{"text_format":"3","workbook":"xlsx","n_sheets":3,"sheets":["Sheet2","Sheet1","Sheet3"],"not_rendered":{"pivot_tables":1},"read":"whole","date_system":"1900"}

{"sheet":"Sheet2","index":0,"n_rows":48,"n_cols":4,"rows_kept":48}
[]
[]
["物资名称","规格型号","单位","求和项:数量"]
["10万以下定期检查使用维护记录","(空白)","本",200]
["120院前急救病历","(空白)","份",2000]
["病案袋","(空白)","只",11000]
["病人基本信息填写","(空白)","份",200]
["产后访视记录表","(空白)","本",20]
["产前筛查申请单","(空白)","本",10]
["处方","西医处方","本",50]
["床头卡","(空白)","张",10000]
["分级护理巡视卡","(空白)","本",380]
["妇科手术（术前）家属谈话记录","(空白)","本",10]
["工作排班表","(空白)","本",20]
["记账凭证","(空白)","份",1000]
["健康教育处方","(空白)","份",3000]
["交接班记录本","(空白)","本",60]
["考勤表","(空白)","张",1000]
["麻醉费用记账单","(空白)","本",20]
["母乳喂养孕产妇问卷","(空白)","本",10]
["内镜诊疗费用表","(空白)","本",60]
["取药凭证","(空白)","份",60000]
["劝阻患者外出告知书","(空白)","本",20]
["入院病人须知","(空白)","本",120]
["入院消防安全须知","(空白)","本",10]
["生命体征测量单","(空白)","本",40]
["食堂餐券","(空白)","本",40]
["手术费用记账单","(空白)","本",30]
["手术清单记录","(空白)","本",60]
["手术室外麻醉知情同意书","(空白)","本",20]
["退货单","(空白)","本",20]
["吸氧记录","(空白)","本",20]
["洗涤交接单","(空白)","本",40]
["消毒器械回收交接单","(空白)","本",20]
["宣传单（三折页）","(空白)","张",41000]
["药袋","注射袋","只",23100]
["药贴","冰箱贴","只",30000]
["叶酸增补知识调查问卷","(空白)","份",20]
["饮片验收单","(空白)","本",20]
["有效期标签贴","(空白)","张",20000]
["孕妇学校问卷（孕早期）","(空白)","份",1000]
["长期医嘱执行（治疗）","(空白)","本",22]
["植入医疗器械使用登记表","(空白)","本",10]
["中层干部会议记录本","(空白)","本",200]
["中药包装纸","(空白)","包",83]
["住院病人健康教育表","(空白)","本",100]
["住院吊牌","(空白)","张",35000]
["总计",null,null,240035]

{"sheet":"Sheet1","index":1,"n_rows":89,"n_cols":15,"rows_kept":89}
["物资名称","规格型号","单位","数量","单价","金额","单据号码","发票号码","发生日期","记账日期","科室名称","生产批号","物资编码","供货单位","生产厂家"]
["10万以下定期检查使用维护记录",null,"本",200,4.8,960,2200001283,13947445,"2023-01-09","2023-01-09","总务科",null,8020129,"吴兴明仁印刷厂"," "]
["药袋","注射袋","只",10000,0.12,1200,2200001283,13947445,"2023-01-09","2023-01-09","总务科",null,8020065,"吴兴明仁印刷厂"," "]
["有效期标签贴",null,"张",20000,0.04,800,2200001283,13947445,"2023-01-09","2023-01-09","总务科",null,8020099,"吴兴明仁印刷厂"," "]
["中药包装纸",null,"包",5,230,1150,2200001283,13947445,"2023-01-09","2023-01-09","总务科",null,8020097,"吴兴明仁印刷厂"," "]
["处方","西医处方","本",50,4,200,2200001283,13947445,"2023-01-09","2023-01-09","总务科",null,8020033,"吴兴明仁印刷厂"," "]
["手术费用记账单",null,"本",10,11,110,2200001283,13947445,"2023-01-09","2023-01-09","总务科",null,8020090,"吴兴明仁印刷厂"," "]
["分级护理巡视卡",null,"本",50,4,200,2200001283,13947445,"2023-01-09","2023-01-09","总务科",null,8020013,"吴兴明仁印刷厂"," "]
["劝阻患者外出告知书",null,"本",20,11,220,2200001298,13947445,"2023-02-07","2023-02-07","总务科",null,8020054,"吴兴明仁印刷厂"," "]
["饮片验收单",null,"本",20,11,220,2200001298,13947445,"2023-02-07","2023-02-07","总务科",null,8020159,"吴兴明仁印刷厂"," "]
["产前筛查申请单",null,"本",10,11,110,2200001298,13947445,"2023-02-07","2023-02-07","总务科",null,8020113,"吴兴明仁印刷厂"," "]
["退货单",null,"本",20,6,120,2200001298,13947445,"2023-02-07","2023-02-07","总务科",null,8020158,"吴兴明仁印刷厂"," "]
["中药包装纸",null,"包",6,230,1380,2200001314,13947445,"2023-02-28","2023-02-28","总务科",null,8020097,"吴兴明仁印刷厂"," "]
["内镜诊疗费用表",null,"本",20,10,200,2200001314,13947445,"2023-02-28","2023-02-28","总务科",null,8020140,"吴兴明仁印刷厂"," "]
["洗涤交接单",null,"本",20,5,100,2200001314,13947445,"2023-02-28","2023-02-28","总务科",null,8020134,"吴兴明仁印刷厂"," "]
["生命体征测量单",null,"本",20,11,220,2200001318,13947445,"2023-03-03","2023-03-03","总务科",null,8020062,"吴兴明仁印刷厂"," "]
["入院病人须知",null,"本",20,11,220,2200001318,13947445,"2023-03-03","2023-03-03","总务科",null,8020016,"吴兴明仁印刷厂"," "]
["孕妇学校问卷（孕早期）",null,"份",1000,0.11,110,2200001318,13947445,"2023-03-03","2023-03-03","总务科",null,8020160,"吴兴明仁印刷厂"," "]
["住院吊牌",null,"张",35000,0.06,2100,2200001318,13947445,"2023-03-03","2023-03-03","总务科",null,8020011,"吴兴明仁印刷厂"," "]
["床头卡",null,"张",10000,0.18,1800,2200001318,13947445,"2023-03-03","2023-03-03","总务科",null,8020009,"吴兴明仁印刷厂"," "]
["中药包装纸",null,"包",4,280,1120,2200001318,13947445,"2023-03-03","2023-03-03","总务科",null,8020097,"吴兴明仁印刷厂"," "]
["手术清单记录",null,"本",20,20,400,2200001339,13947445,"2023-03-14","2023-03-14","总务科",null,8020050,"吴兴明仁印刷厂"," "]
["分级护理巡视卡",null,"本",50,4,200,2200001339,13947445,"2023-03-14","2023-03-14","总务科",null,8020013,"吴兴明仁印刷厂"," "]
["住院病人健康教育表",null,"本",20,11,220,2200001339,13947445,"2023-03-14","2023-03-14","总务科",null,8020028,"吴兴明仁印刷厂"," "]
["产后访视记录表",null,"本",20,11,220,2200001339,13947445,"2023-03-14","2023-03-14","总务科",null,8020073,"吴兴明仁印刷厂"," "]
["中药包装纸",null,"包",6,280,1680,2200001364,13947445,"2023-04-04","2023-04-04","总务科",null,8020097,"吴兴明仁印刷厂"," "]
["记账凭证",null,"份",1000,0.35,350,2200001364,13947445,"2023-04-04","2023-04-04","总务科",null,8020162,"吴兴明仁印刷厂"," "]
["手术室外麻醉知情同意书",null,"本",20,11,220,2200001389,13947445,"2023-04-21","2023-04-21","总务科",null,8020057,"吴兴明仁印刷厂"," "]
["手术费用记账单",null,"本",20,11,220,2200001389,13947445,"2023-04-21","2023-04-21","总务科",null,8020090,"吴兴明仁印刷厂"," "]
["叶酸增补知识调查问卷",null,"份",20,11,220,2200001389,13947445,"2023-04-21","2023-04-21","总务科",null,8020164,"吴兴明仁印刷厂"," "]
["植入医疗器械使用登记表",null,"本",10,11,110,2200001409,13947445,"2023-04-27","2023-04-27","总务科",null,8020020,"吴兴明仁印刷厂"," "]
["120院前急救病历",null,"份",2000,0.11,220,2200001409,13947445,"2023-04-27","2023-04-27","总务科",null,8020105,"吴兴明仁印刷厂"," "]
["中药包装纸",null,"包",6,280,1680,2200001409,13947445,"2023-04-27","2023-04-27","总务科",null,8020097,"吴兴明仁印刷厂"," "]
["宣传单（三折页）",null,"张",41000,0.25,10250,2200001416,13947445,"2023-05-05","2023-05-05","总务科",null,8020165,"吴兴明仁印刷厂"," "]
["消毒器械回收交接单",null,"本",20,20,400,2200001416,13947445,"2023-05-05","2023-05-05","总务科",null,8020095,"吴兴明仁印刷厂"," "]
["中药包装纸",null,"包",1,230,230,2200001416,13947445,"2023-05-05","2023-05-05","总务科",null,8020097,"吴兴明仁印刷厂"," "]
["分级护理巡视卡",null,"本",50,4,200,2200001419,13947445,"2023-05-08","2023-05-08","总务科",null,8020013,"吴兴明仁印刷厂"," "]
["取药凭证",null,"份",60000,0.02,1200,2200001420,2.43320000000278e+19,"2023-05-08","2023-05-08","总务科",null,8020166,"吴兴明仁印刷厂"," "]
["病人基本信息填写",null,"份",200,2,400,2200001420,2.43320000000278e+19,"2023-05-08","2023-05-08","总务科",null,8020077,"吴兴明仁印刷厂"," "]
["中药包装纸",null,"包",6,280,1680,2200001442,2.43320000000278e+19,"2023-05-19","2023-05-19","总务科",null,8020097,"吴兴明仁印刷厂"," "]
["入院病人须知",null,"本",20,11,220,2200001442,2.43320000000278e+19,"2023-05-19","2023-05-19","总务科",null,8020016,"吴兴明仁印刷厂"," "]
["住院病人健康教育表",null,"本",20,11,220,2200001466,2.43320000000278e+19,"2023-06-01","2023-06-01","总务科",null,8020028,"吴兴明仁印刷厂"," "]
["分级护理巡视卡",null,"本",50,4,200,2200001481,2.43320000000278e+19,"2023-06-13","2023-06-13","总务科",null,8020013,"吴兴明仁印刷厂"," "]
["中药包装纸",null,"包",2,230,460,2200001481,2.43320000000278e+19,"2023-06-13","2023-06-13","总务科",null,8020097,"吴兴明仁印刷厂"," "]
["中药包装纸",null,"包",1,230,230,2200001513,2.43320000000278e+19,"2023-07-03","2023-07-03","总务科",null,8020097,"吴兴明仁印刷厂"," "]
["入院消防安全须知",null,"本",10,11,110,2200001513,2.43320000000278e+19,"2023-07-03","2023-07-03","总务科",null,8020167,"吴兴明仁印刷厂"," "]
["入院病人须知",null,"本",20,11,220,2200001513,2.43320000000278e+19,"2023-07-03","2023-07-03","总务科",null,8020016,"吴兴明仁印刷厂"," "]
["中药包装纸",null,"包",2,280,560,2200001513,2.43320000000278e+19,"2023-07-03","2023-07-03","总务科",null,8020097,"吴兴明仁印刷厂"," "]
["病案袋",null,"只",3000,0.75,2250,2200001523,2.43320000000278e+19,"2023-07-07","2023-07-07","总务科",null,8020111,"吴兴明仁印刷厂"," "]
["中药包装纸",null,"包",1,230,230,2200001523,2.43320000000278e+19,"2023-07-07","2023-07-07","总务科",null,8020097,"吴兴明仁印刷厂"," "]
["中药包装纸",null,"包",4,280,1120,2200001523,2.43320000000278e+19,"2023-07-07","2023-07-07","总务科",null,8020097,"吴兴明仁印刷厂"," "]
["母乳喂养孕产妇问卷",null,"本",10,11,110,2200001523,2.43320000000278e+19,"2023-07-07","2023-07-07","总务科",null,8020091,"吴兴明仁印刷厂"," "]
["健康教育处方",null,"份",3000,0.09,270,2200001523,2.43320000000278e+19,"2023-07-07","2023-07-07","总务科",null,8020103,"吴兴明仁印刷厂"," "]
["分级护理巡视卡",null,"本",60,4,240,2200001531,2.43320000000278e+19,"2023-07-21","2023-07-21","总务科",null,8020013,"吴兴明仁印刷厂"," "]
["内镜诊疗费用表",null,"本",20,10,200,2200001531,2.43320000000278e+19,"2023-07-21","2023-07-21","总务科",null,8020140,"吴兴明仁印刷厂"," "]
["中药包装纸",null,"包",6,280,1680,2200001546,2.43320000000278e+19,"2023-08-01","2023-08-01","总务科",null,8020097,"吴兴明仁印刷厂"," "]
["麻醉费用记账单",null,"本",20,8,160,2200001546,2.43320000000278e+19,"2023-08-01","2023-08-01","总务科",null,8020021,"吴兴明仁印刷厂"," "]
["住院病人健康教育表",null,"本",20,11,220,2200001546,2.43320000000278e+19,"2023-08-01","2023-08-01","总务科",null,8020028,"吴兴明仁印刷厂"," "]
["手术清单记录",null,"本",20,20,400,2200001546,2.43320000000278e+19,"2023-08-01","2023-08-01","总务科",null,8020050,"吴兴明仁印刷厂"," "]
["中药包装纸",null,"包",1,230,230,2200001575,2.43320000000278e+19,"2023-08-28","2023-08-28","总务科",null,8020097,"吴兴明仁印刷厂"," "]
["考勤表",null,"张",1000,0.6,600,2200001575,2.43320000000278e+19,"2023-08-28","2023-08-28","总务科",null,8020064,"吴兴明仁印刷厂"," "]
["妇科手术（术前）家属谈话记录",null,"本",10,11,110,2200001592,2.43320000000278e+19,"2023-09-05","2023-09-05","总务科",null,8020168,"吴兴明仁印刷厂"," "]
["入院病人须知",null,"本",20,11,220,2200001592,2.43320000000278e+19,"2023-09-05","2023-09-05","总务科",null,8020016,"吴兴明仁印刷厂"," "]
["中药包装纸",null,"包",4,280,1120,2200001610,2.43320000000278e+19,"2023-09-15","2023-09-15","总务科",null,8020097,"吴兴明仁印刷厂"," "]
["中药包装纸",null,"包",1,230,230,2200001610,2.43320000000278e+19,"2023-09-15","2023-09-15","总务科",null,8020097,"吴兴明仁印刷厂"," "]
["住院病人健康教育表",null,"本",20,11,220,2200001610,2.43320000000278e+19,"2023-09-15","2023-09-15","总务科",null,8020028,"吴兴明仁印刷厂"," "]
["分级护理巡视卡",null,"本",60,4,240,2200001610,2.43320000000278e+19,"2023-09-15","2023-09-15","总务科",null,8020013,"吴兴明仁印刷厂"," "]
["中药包装纸",null,"包",3,280,840,2200001624,2.43320000000278e+19,"2023-09-25","2023-09-25","总务科",null,8020097,"吴兴明仁印刷厂"," "]
["交接班记录本",null,"本",60,6,360,2200001624,2.43320000000278e+19,"2023-09-25","2023-09-25","总务科",null,8020031,"吴兴明仁印刷厂"," "]
["中层干部会议记录本",null,"本",200,4.8,960,2200001635,2.43320000000278e+19,"2023-10-04","2023-10-04","总务科",null,8020179,"吴兴明仁印刷厂"," "]
["中药包装纸",null,"包",6,280,1680,2200001635,2.43320000000278e+19,"2023-10-04","2023-10-04","总务科",null,8020097,"吴兴明仁印刷厂"," "]
["药袋","注射袋","只",13100,0.12,1572,2200001635,2.43320000000278e+19,"2023-10-04","2023-10-04","总务科",null,8020065,"吴兴明仁印刷厂"," "]
["吸氧记录",null,"本",20,3,60,2200001670,2.43320000000278e+19,"2023-10-19","2023-10-19","总务科",null,8020061,"吴兴明仁印刷厂"," "]
["入院病人须知",null,"本",20,11,220,2200001670,2.43320000000278e+19,"2023-10-19","2023-10-19","总务科",null,8020016,"吴兴明仁印刷厂"," "]
["住院病人健康教育表",null,"本",20,11,220,2200001670,2.43320000000278e+19,"2023-10-19","2023-10-19","总务科",null,8020028,"吴兴明仁印刷厂"," "]
["手术清单记录",null,"本",20,20,400,2200001670,2.43320000000278e+19,"2023-10-19","2023-10-19","总务科",null,8020050,"吴兴明仁印刷厂"," "]
["分级护理巡视卡",null,"本",60,4,240,2200001692,2.43320000000278e+19,"2023-10-30","2023-10-30","总务科",null,8020013,"吴兴明仁印刷厂"," "]
["病案袋",null,"只",8000,0.75,6000,2200001692,2.43320000000278e+19,"2023-10-30","2023-10-30","总务科",null,8020111,"吴兴明仁印刷厂"," "]
["工作排班表",null,"本",20,11,220,2200001693,2.43320000000278e+19,"2023-10-30","2023-10-30","总务科",null,8020030,"吴兴明仁印刷厂"," "]
["中药包装纸",null,"包",2,280,560,2200001693,2.43320000000278e+19,"2023-10-30","2023-10-30","总务科",null,8020097,"吴兴明仁印刷厂"," "]
["中药包装纸",null,"包",8,280,2240,2200001725,2.43320000000278e+19,"2023-11-14","2023-11-14","总务科",null,8020097,"吴兴明仁印刷厂"," "]
["药贴","冰箱贴","只",30000,0.03,900,2200001725,2.43320000000278e+19,"2023-11-14","2023-11-14","总务科",null,8020106,"吴兴明仁印刷厂"," "]
["长期医嘱执行（治疗）",null,"本",22,10,220,2200001725,2.43320000000278e+19,"2023-11-14","2023-11-14","总务科",null,8020015,"吴兴明仁印刷厂"," "]
["生命体征测量单",null,"本",20,11,220,2200001726,2.43320000000278e+19,"2023-11-14","2023-11-14","总务科",null,8020062,"吴兴明仁印刷厂"," "]
["食堂餐券",null,"本",40,5.5,220,2200001745,2.43320000000278e+19,"2023-11-29","2023-11-29","总务科",null,8020180,"吴兴明仁印刷厂"," "]
["内镜诊疗费用表",null,"本",20,5,100,2200001745,2.43320000000278e+19,"2023-11-29","2023-11-29","总务科",null,8020140,"吴兴明仁印刷厂"," "]
["入院病人须知",null,"本",20,11,220,2200001745,2.43320000000278e+19,"2023-11-29","2023-11-29","总务科",null,8020016,"吴兴明仁印刷厂"," "]
["洗涤交接单",null,"本",20,5,100,2200001745,2.43320000000278e+19,"2023-11-29","2023-11-29","总务科",null,8020134,"吴兴明仁印刷厂"," "]
["中药包装纸",null,"包",8,280,2240,2200001769,2.43320000000278e+19,"2023-12-12","2023-12-12","总务科",null,8020097,"吴兴明仁印刷厂"," "]

{"sheet":"Sheet3","index":2,"n_rows":42,"n_cols":5,"rows_kept":42,"merged":[[41,0,41,3]]}
["物资名称","单位","数量（2023年）","单价（元）","总价（元）"]
["120院前急救病历","份",2000]
["病案袋","只",11000]
["病人基本信息填写","份",200]
["产后访视记录表","本",20]
["产前筛查申请单","本",10]
["处方","本",50]
["床头卡","张",10000]
["分级护理巡视卡","本",380]
["妇科手术（术前）家属谈话记录","本",10]
["工作排班表","本",20]
["记账凭证","份",1000]
["健康教育处方","份",3000]
["交接班记录本","本",60]
["考勤表","张",1000]
["麻醉费用记账单","本",20]
["内镜诊疗费用表","本",60]
["取药凭证","份",60000]
["劝阻患者外出告知书","本",20]
["入院病人须知","本",120]
["入院消防安全须知","本",10]
["生命体征测量单","本",40]
["食堂餐券","本",40]
["手术费用记账单","本",30]
["手术清单记录","本",60]
["手术室外麻醉知情同意书","本",20]
["吸氧记录","本",20]
["消毒器械回收交接单","本",20]
["宣传单（三折页）","张",41000]
["药袋","只",23100]
["药贴","只",30000]
["叶酸增补知识调查问卷","份",20]
["饮片验收单","本",20]
["有效期标签贴","张",20000]
["孕妇学校问卷（孕早期）","份",1000]
["长期医嘱执行（治疗）","本",22]
["植入医疗器械使用登记表","本",10]
["中层干部会议记录本","本",200]
["中药包装纸","包",83]
["住院病人健康教育表","本",100]
["住院吊牌","张",35000]
["总价"]